000 00580nam a2200217 a 4500
001 BRL_1966
005 20190320211444.0
008 190117s1945----mx-#######---#000-0#spa-#
041 _aspa
050 4 _bN36 1945
100 1 _aNamnum, Alfredo
_928334
245 1 0 _aValor del psicoanalisis en psiquiatria moderna.
260 _aMéxico
_c1945
300 _a79 p.
_c21 cm.
500 _aAu844
502 _aTesis Licenciatura (Licenciado en Medico Cirujano) UNAM
650 1 4 _aPsicoanálisis
_917119
650 1 4 _aPsiquiatría
_928335
902 _aTERL
942 _2lcc
_cTES
999 _c10773
_d10773